Проектирование современных фармацевтических производств: электронный курс
| Hlavní autor: | |
|---|---|
| Korporativní autor: | |
| Shrnutí: | Заглавие с экрана Цели курса: Получение навыков проектирования гибких химико-фармацевтических производств; воспитание потребности и умения постоянного совершенствования своих знаний; развития у студентов творческого мышления и поиска оптимального подхода к решению практических вопросов. Доступ по логину и паролю |
| Jazyk: | ruština |
| Vydáno: |
Томск, TPU Moodle, 2014
|
| Témata: | |
| On-line přístup: | https://design.lms.tpu.ru/course/view.php?id=69 |
| Médium: | MixedMaterials Elektronický zdroj Kniha |
| KOHA link: | https://koha.lib.tpu.ru/cgi-bin/koha/opac-detail.pl?biblionumber=651624 |
MARC
| LEADER | 00000nlm0a2200000 4500 | ||
|---|---|---|---|
| 001 | 651624 | ||
| 005 | 20231225105408.0 | ||
| 035 | |a (RuTPU)RU\TPU\network\16873 | ||
| 035 | |a RU\TPU\network\16871 | ||
| 090 | |a 651624 | ||
| 100 | |a 20161117d2014 m y0rusy50 ca | ||
| 101 | 0 | |a rus | |
| 102 | |a RU | ||
| 105 | |a a j 000zy | ||
| 135 | |a jrcn ---uucaa | ||
| 181 | 0 | |a i | |
| 182 | 0 | |a b | |
| 200 | 1 | |a Проектирование современных фармацевтических производств |e электронный курс |f Ю. А. Лесина |g Национальный исследовательский Томский политехнический университет (ТПУ), Институт физики высоких технологий (ИФВТ), Кафедра биотехнологии и органической химии (БИОХ) | |
| 203 | |a Текст |c электронный | ||
| 210 | |a Томск |c TPU Moodle |d 2014 | ||
| 300 | |a Заглавие с экрана | ||
| 330 | |a Цели курса: Получение навыков проектирования гибких химико-фармацевтических производств; воспитание потребности и умения постоянного совершенствования своих знаний; развития у студентов творческого мышления и поиска оптимального подхода к решению практических вопросов. | ||
| 333 | |a Доступ по логину и паролю | ||
| 606 | 1 | |a Химико-фармацевтическое производство |2 stltpush |3 (RuTPU)RU\TPU\subj\68752 |9 83916 | |
| 610 | 1 | |a электронный ресурс | |
| 610 | 1 | |a труды учёных ТПУ | |
| 610 | 1 | |a электронное обучение | |
| 610 | 1 | |a электронные курсы ТПУ | |
| 610 | 1 | |a проектирование | |
| 610 | 1 | |a фармацевтические предприятия | |
| 610 | 1 | |a схемы | |
| 610 | 1 | |a оборудование | |
| 610 | 1 | |a расчеты | |
| 610 | 1 | |a электронные учебные пособия | |
| 610 | 1 | |a учебные пособия | |
| 675 | |a 661.12(075.8) |v 3 | ||
| 700 | 1 | |a Лесина |b Ю. А. |c химик-органик |c доцент Томского политехнического университета, кандидат химических наук |f 1973- |g Юлия Александровна |3 (RuTPU)RU\TPU\pers\25861 |9 11729 | |
| 712 | 0 | 2 | |a Национальный исследовательский Томский политехнический университет (ТПУ) |b Институт физики высоких технологий (ИФВТ) |b Кафедра биотехнологии и органической химии (БИОХ) |3 (RuTPU)RU\TPU\col\18693 |
| 801 | 2 | |a RU |b 63413507 |c 20211202 |g RCR | |
| 856 | 4 | |u https://design.lms.tpu.ru/course/view.php?id=69 | |
| 942 | |c CF | ||